| 000 | 00340nam a22001337a 4500 | ||
|---|---|---|---|
| 020 | _a978-81-8477-697-3 | ||
| 082 |
_a823 _bRAO/S |
||
| 100 | _aRAO, ADITHI | ||
| 245 |
_aSHAKUNTALA _bAND OTHER TIMELESS TALES FROM ANCIENT INDIA |
||
| 260 |
_aGURGAON _bSCHOLASTIC INDIA _c2017 |
||
| 300 | _a172 | ||
| 650 |
_aANCIENT STORIES _zINDIA |
||
| 942 | _cBK | ||
| 999 |
_c3842 _d3842 |
||